[Event "AUTO-OPEN-73"]
[Site "http://www.queenalice.com/game.php?id=9803"]
[Date "2005.4.14"]
[Round "1"]
[White "defencepetrov"]
[Black "Artking"]
[Result "0-1"]
[WhiteElo "1348"]
[BlackElo "1647"]

1. b3 e5 2. Bb2 Nc6 3. g3 d5 4. Bg2 Be6 5. f4 exf4 6. Nf3 fxg3 7. hxg3 Bd6 8.
Kf2 Nf6 9. Bh3 Ne4+ 10. Kg2 Nxg3 11. Bxe6 fxe6 12. Bxg7 Rg8 13. Bb2 Nxh1+ 14.
Kxh1 Ne5 15. Nxe5 Qh4# 0-1

[Event "AUTO-OPEN-73"]
[Site "http://www.queenalice.com/game.php?id=9804"]
[Date "2005.4.14"]
[Round "1"]
[White "Artking"]
[Black "defencepetrov"]
[Result "0-1"]
[WhiteElo "1635"]
[BlackElo "1429"]

1. e4 e5 2. Nf3 Nc6 3. Bb5 a6 4. Ba4 Nf6 5. O-O Nxe4 6. Re1 Nc5 7. Bb3 d6 8. Nc3
Bg4 9. h3 h5 10. Nd5 Qd7 11. hxg4 hxg4 12. d4 gxf3 13. dxe5 O-O-O 14. Qxf3 Nxe5
15. Rxe5 dxe5 16. Be3 e4 17. Qe2 Bd6 18. Bxc5 Bh2+ 19. Kf1 Bf4 20. Kg1 Bh2+ 21.
Kf1 Bd6 22. Qc4 Rh1+ 23. Ke2 Qg4+ 24. Kd2 Bf4+ 25. Kc3 Rxa1 26. Ne7+ Kb8 27. Kb4
c6 28. Ka3 Bd6 29. Nxc6+ bxc6 30. Qb4+ Ka8 31. Ba4 Qd7 32. Qb6 Bxc5+ 33. Qxc5
Qd6 0-1

[Event "AUTO-INT-06"]
[Site "http://www.queenalice.com/game.php?id=10222"]
[Date "2005.4.19"]
[Round "1"]
[White "andi_g"]
[Black "defencepetrov"]
[Result "0-1"]
[WhiteElo "1409"]
[BlackElo "1395"]

1. e3 f5 2. Bc4 e6 3. Nc3 Nf6 4. d3 d5 5. Bb3 Bd6 6. Qf3 Nc6 7. e4 dxe4 8. dxe4
Nd4 9. Qe3 e5 10. Nd5 f4 11. Qc3 Nxd5 12. Bxd5 Bb4 13. Bf7+ Kxf7 14. Qxb4 Nxc2+
15. Ke2 Nxb4 16. a3 Qd3+ 0-1

[Event "AUTO-INT-06"]
[Site "http://www.queenalice.com/game.php?id=10223"]
[Date "2005.4.19"]
[Round "1"]
[White "defencepetrov"]
[Black "andi_g"]
[Result "0-1"]
[WhiteElo "1459"]
[BlackElo "1489"]

1. d4 e6 2. c4 c5 3. d5 e5 4. Nf3 d6 5. e4 Nf6 6. Bd3 Na6 7. Bg5 Be7 8. a3 Qa5+
9. Nbd2 h6 10. Be3 Ng4 11. h3 Nxe3 12. fxe3 g5 13. O-O h5 14. Ne1 g4 15. Nb3 Qa4
16. Qc2 Rg8 17. hxg4 Rxg4 18. Be2 Rg5 19. Bd1 Qd7 20. Qf2 f6 21. Nf3 Rg7 22. Nh4
Qh3 23. Bf3 f5 24. Bxh5+ Kd8 25. Bf3 Bxh4 26. Qc2 fxe4 27. Bxe4 Qxe3+ 28. Rf2
Bxf2+ 0-1

[Event "AUTO-INT-06"]
[Site "http://www.queenalice.com/game.php?id=10240"]
[Date "2005.4.19"]
[Round "1"]
[White "defencepetrov"]
[Black "swayne"]
[Result "0-1"]
[WhiteElo "1428"]
[BlackElo "1542"]

1. a3 e5 2. h3 d5 3. e4 d4 4. Nf3 Nc6 5. Bc4 Nf6 6. Ng5 Be6 7. Nxe6 fxe6 8. d3
Qd7 9. Bg5 Rg8 10. Nd2 O-O-O 11. Qf3 Be7 12. h4 h6 13. Bxf6 gxf6 14. O-O-O Na5
15. Ba2 Rdf8 16. Qh3 f5 17. Nc4 Nxc4 18. Bxc4 Rf6 19. Rdf1 fxe4 20. dxe4 a6 21.
f3 b5 22. Bb3 Qc6 23. g4 d3 24. c3 Rd8 25. Rd1 Rf4 26. g5 hxg5 27. Bxe6+ Kb8 28.
Rhe1 Rxh4 0-1

[Event "AUTO-INT-06"]
[Site "http://www.queenalice.com/game.php?id=10241"]
[Date "2005.4.19"]
[Round "1"]
[White "swayne"]
[Black "defencepetrov"]
[Result "1-0"]
[WhiteElo "1529"]
[BlackElo "1442"]

1. e4 c5 2. Nf3 Nc6 3. a3 g6 4. Bc4 e6 5. O-O Bg7 6. Nc3 Nge7 7. d3 O-O 8. Bg5
h6 9. Bf4 d5 10. exd5 exd5 11. Ba2 Bg4 12. h3 Be6 13. Na4 b6 14. Rb1 Nf5 15. Re1
Ncd4 16. c3 Nxf3+ 17. Qxf3 Nh4 18. Qg3 Rc8 19. Rbd1 b5 20. Nxc5 Rxc5 21. d4 Rc6
22. Be5 Bxe5 23. Rxe5 f5 24. Rde1 f4 25. Qd3 a6 26. Rxe6 Qg5 27. g3 fxg3 28.
Qxg3 Rxe6 29. Rxe6 1-0

[Event "AUTO-INT-06"]
[Site "http://www.queenalice.com/game.php?id=10242"]
[Date "2005.4.19"]
[Round "1"]
[White "defencepetrov"]
[Black "Checker"]
[Result "1-0"]
[WhiteElo "1452"]
[BlackElo "1357"]

1. h3 Nc6 2. e4 Nf6 3. Nc3 g5 4. d4 e6 5. Bxg5 Bg7 6. e5 h6 7. Be3 Nd5 8. Nxd5
exd5 9. Bd3 O-O 10. Qd2 f6 11. Bxh6 Bxh6 12. Qxh6 Rf7 13. Bg6 Qf8 14. Bxf7+ Qxf7
15. exf6 Nxd4 16. O-O-O Nf5 17. Qg5+ Kf8 18. Nf3 d6 19. g4 d4 20. gxf5 c5 21.
Rhe1 Qd5 22. Qg7# 1-0

[Event "AUTO-INT-06"]
[Site "http://www.queenalice.com/game.php?id=10243"]
[Date "2005.4.19"]
[Round "1"]
[White "Checker"]
[Black "defencepetrov"]
[Result "1-0"]
[WhiteElo "1427"]
[BlackElo "1415"]

1. c4 g5 2. Nf3 g4 3. Ne5 h5 4. b4 Bg7 5. Bb2 d6 6. Nd3 Bxb2 7. Nxb2 e6 8. e4
Qf6 9. Nc3 Nc6 10. b5 Ne5 11. d4 Ng6 12. Nd3 Qxd4 13. Qc1 Nf6 14. f3 e5 15. Be2
Nh4 16. Rg1 Qxg1+ 17. Kd2 Qxh2 18. Nd5 Nxd5 19. cxd5 gxf3 20. gxf3 Nxf3+ 21. Ke3
Ng5 22. Qxc7 1-0

[Event "Let's Play Chess!"]
[Site "http://www.queenalice.com/game.php?id=10362"]
[Date "2005.4.20"]
[Round "-"]
[White "defencepetrov"]
[Black "butlig"]
[Result "1-0"]
[WhiteElo "1452"]
[BlackElo "1031"]

1. a3 b6 2. h3 g5 3. e4 Nf6 4. e5 Nd5 5. Nc3 Nxc3 6. dxc3 c5 7. Nf3 Bh6 8. Bxg5
Bxg5 9. Nxg5 O-O 10. Qh5 f6 11. Qxh7# 1-0

[Event "AUTO-ADV-41"]
[Site "http://www.queenalice.com/game.php?id=13221"]
[Date "2005.5.16"]
[Round "1"]
[White "defencepetrov"]
[Black "trompmaster"]
[Result "0-1"]
[WhiteElo "1362"]
[BlackElo "1498"]

1. a3 d6 2. h3 g6 3. g3 Bg7 4. Bg2 e5 5. e3 f5 6. Ne2 Ne7 7. Nbc3 c6 8. O-O Be6
9. d4 e4 10. Bd2 d5 11. Nf4 Bf7 12. Nce2 g5 13. c4 dxc4 14. Bb4 gxf4 15. Nxf4
Nd5 0-1

[Event "AUTO-ADV-41"]
[Site "http://www.queenalice.com/game.php?id=13222"]
[Date "2005.5.16"]
[Round "1"]
[White "trompmaster"]
[Black "defencepetrov"]
[Result "1-0"]
[WhiteElo "1702"]
[BlackElo "1293"]

1. d4 c5 2. d5 b5 3. a4 b4 4. e4 a6 5. b3 Nf6 6. Nd2 g6 7. Bb2 Bg7 8. Bc4 e6 9.
Qe2 d6 10. O-O-O O-O 11. f3 Re8 12. Qf2 exd5 13. exd5 Nh5 14. Bxg7 Nxg7 15. Ne2
Bf5 16. g4 Bd7 17. h4 Qa5 18. Kb2 Ra7 19. Ne4 Kh8 20. h5 gxh5 21. Nf6 Re5 22. f4
Re7 23. Nxh5 Ne8 24. f5 Bxa4 25. Ra1 Nc7 26. Qh4 Ne8 27. f6 Re5 28. g5 1-0